000 00551nam a2200169 a 4500
001 000045617
005 20201002052341.0
008 150416s1987 dr a 000 0 spa d
040 _aDO-SdBNP
_bspa
_cBNPHU
082 _axxxx
_bxxxx
100 1 _aRoyuela, José Antonio
_937691
245 1 0 _aTeoría literaria e historia de la literatura Española /
_cJosé Antonio Royuela, Gerardo Aparicio.
250 _a3a ed.
260 _aSanto Domingo :
_bColegial Quisqueyana,
_c1987.
300 _a295 p. :
_bil. ;
_c24 cm.
700 1 2 _aAparicio, Gerardo
_973683
999 _c45106
_d45106